000 00667nam a2200241Ia 4500
001 48079
005 20240114003855.0
007 ta
008 090511s1931 g b000 u 465 u
040 _aCotton College,Assam
041 _a465
082 _a336
_bW 219 A
100 _aWardlaw-Milne, J. S. .
245 0 _aThe A B C of L s. d.: The Plain Man`s Guide to the Money Problem /
_cJ. S. Wardlaw-Milne.
_hTextual Documents
250 _a1st ed /
260 _aLondon :
_bFaber And Faber ,
_c1931.
300 _a90p ;
_c21 cm.
653 _aEconomics
653 _aT/G-Economics
942 _2ddc
_cBK
999 _c48044
_d48044